00300nam a22000977a 4500082002700000245007300027260004100100300001600141526003700157650000800194 a621.56bHUTcL-8, P-25 aDesign of refrigeration system for air conditioningcF.W. Hutchinson aNew YorkbThe Industrial Pressc1963 axi, 291p. : a0b0c0d621_560000000000000_HUT aMCE